Vista normal
Vista MARC
Entrada Materia (personas)
Número de registros utilizados en: 1
001 - CONTROL NUMBER
- control field: 163024
003 - CONTROL NUMBER IDENTIFIER
- control field: Co-BoUCM
005 - DATE AND TIME OF LATEST TRANSACTION
- control field: 20211111074040.0
008 - FIXED-LENGTH DATA ELEMENTS
- fixed length control field: 211111|| aca||aabn | a|a d
040 ## - CATALOGING SOURCE
- Original cataloging agency: Co-BoUCM
- Transcribing agency: Co-BoUCM
100 ## - HEADING--PERSONAL NAME
- Personal name: Alvarez, J. Francisco
670 ## - SOURCE DATA FOUND
- Source citation: Work cat.: (Co-BoUCM)50796: Van Parijs, Philippe. 163023, Libertad real para todos qué puede justificar al capitalismo (si hay algo que pueda hacerlo), 1996